000 00370nam a2200133 i 4500
001 bg
100 1 _aMAGNUCKI, Krzysztof
245 0 _aStateczność sprężysta konstrukcji prętowych i powłokowych w ujęciu energetycznym /
_cK. Magnucki.
260 _aPoznań,
_c1991.
040 _cBPK
041 _apol
942 _cKS
008 s pl f |000 0 pol
999 _c29381
_d29381
856 _uhttp://koha.tu.koszalin.pl/cgi-bin/koha/opac-detail.pl?biblionumber=29381
_yKatalog online BPK